000 00514nam a2200193Ia 4500
005 20250326143127.0
008 250326s9999 xx 000 0 und d
037 _aTextbook
040 _aFMSL
_beng
_cFMSL
041 _aeng
_2eng
084 _aX:97 M5
_qFMSL
100 _aSloane A A
_9738579
245 0 _aLabour relations
_cSloane A A; Witney F
250 _a5
260 _aNew Jersey
_bNew Jersey, Prentice Hall
_c1985
300 _a542p
942 _cTB
_hX:97 M5
999 _c1298217
_d1298217